| 000 | 00824cam a2200205 4500 | ||
|---|---|---|---|
| 001 | WB3837-06 | ||
| 008 | 021010n2002 000 0 eng u | ||
| 035 | _a(Sirsi) u120050 | ||
| 245 | _aCommercial Property Standard Enquiries service launched | ||
| 260 | _c2002 | ||
| 490 |
_aLaw Society's Gazette _v99(36) 19 September 2002, 8(1) |
||
| 520 | _aLondon Property Support Lawyers Group and British Property Foundation have launched online standard documents service to increase speed and efficiency of commercial property transactions. Documents can be accessed free of charge from www.practicallaw.com | ||
| 590 | _aWB | ||
| 650 | _aDOCUMENTATION | ||
| 650 | _aFREEHOLD PROPERTY | ||
| 650 | _aPROPERTY-LEASEHOLD PROPERTY | ||
| 650 | _aPROPERTY TRANSACTIONS | ||
| 690 | _aPROPERTY-COMMERCIAL PROPERTY | ||
| 942 | _n0 | ||
| 999 |
_c71331 _d71331 |
||